000 00790nam a2200277 i 4500
001 16320
003 DO-SdUEMH
005 20260131155408.0
007 ta
008 211105s2002||||dr |||gr|||| 0|| | spa d
040 _aDO-SdUEMH
_bspa
_erda
041 _aspa
082 1 4 _aRD350.7293 L514B 2002
_mRD
084 _b08-00148
110 _aDepartamento de Prevención de Corrupción
245 0 _aLegislación Básica de la Administración Pública de República Dominicana
260 _c2002
264 1 _aSanto Domingo, República Dominicana :
_bTalleres,
_c2002
264 4 _c©2002
300 _a265 páginas :
_c20 cm.
336 _2rdacontent
_atexto
_btxt
337 _2rdamedia
_asin mediación
_bn
338 _2rdacarrier
_avolumen
_bnc
942 _2ddc
_cBK
_n0
999 _c16320
_d16320